| 000 | 00592nam a2200169 i 4500 | ||
|---|---|---|---|
| 001 | 110231 | ||
| 003 | ES-MaACL | ||
| 005 | 20230906185015.0 | ||
| 007 | t| | ||
| 008 | 061121s1970 sp r ||||1| spa d | ||
| 245 | 0 | 0 |
_aOrdenación rural de los montes orientales (Iznalloz) _b: esquema técnico y ciclo de conferencias. |
| 260 |
_aGranada : _bOrganización Sindical, _c1970. |
||
| 300 |
_a179 p. 1 map. pleg. ; _c24 cm. |
||
| 650 | 4 |
_aOrdenación de montes- _zIznalloz. _9164541 |
|
| 710 | 2 |
_aConsejo Económico Sindical Provincial (Granada) _9164557 |
|
| 852 |
_aES-MaACL _jC-41327 _bR.76140 |
||
| 999 |
_c110231 _d110231 |
||